000 01455nam a2200193 i 4500
001 768714001
003 CO-MdFUSB
005 20220722170932.0
008 220722t1984 ck |||| |||| 00| 0 spa d
040 _bspa
_cCO-MdFUSB
_dCO-MdFUSB
041 _aspa
100 _aBassani, Giorgio,
_eautor
245 3 _aEl jardín de los Finzi-Contini
_c/ Giorgio Bassani
300 _aVolumen 8, (1984) páginas 461 - 618 ;
_c22 cm
520 _aEn la ciudad de Ferrara, cuando la comunidad judía vive amenazada por el antisemitismo del gobierno fascista, los Finzi-Contini—una familia judía de abolengo—llevan una vida apartada en una lujosa villa, rodeada por un jardín majestuoso. Alberto y su hermana Micòl, los hijos de la familia, deciden invitar a algunos amigos a su casa, después de que a muchos de ellos los hayan expulsado del club de tenis de la ciudad. El protagonista de la historia, un joven judío de clase media, accede así a esta hermética comunidad—aparentemente inmune a las leyes raciales—, en cuyas reuniones convergen la política y la vida privada, y aflora el amor entre el muchacho y la joven Micòl. Sin embargo, el curso de la historia parece arrastrarlos hacia un destino funesto y abocarlos a precipitarse al abismo que se abre bajo sus pies.
650 7 _92491
_aLiteratura italiana
773 0 _067924
_981147
_aOveja Negra,
_o24697
_tMaestros de la literatura universal
_w(CO-MdFUSB)768714001
_z8482806718
942 _cBK
999 _c67986
_d67986